<?xml version="1.0" encoding="UTF-8"?>
<collection xmlns="http://www.loc.gov/MARC21/slim">
 <record>
  <leader>01329nam a2200241 a 4500</leader>
  <controlfield tag="001">1/53760</controlfield>
  <controlfield tag="008">210922s2014    gr            100 | eng d</controlfield>
  <datafield tag="020" ind1=" " ind2=" ">
   <subfield code="a">9789604661374</subfield>
  </datafield>
  <datafield tag="040" ind1=" " ind2=" ">
   <subfield code="a">GR-PeUP</subfield>
  </datafield>
  <datafield tag="082" ind1="0" ind2="0">
   <subfield code="a">786.76 INT</subfield>
  </datafield>
  <datafield tag="111" ind1="2" ind2="0">
   <subfield code="a">International Computer Music Conference</subfield>
   <subfield code="n">(40th :</subfield>
   <subfield code="d">2014 :</subfield>
   <subfield code="c">Athens, Greece)</subfield>
  </datafield>
  <datafield tag="245" ind1="1" ind2="0">
   <subfield code="a">Music technology meets philosophy :</subfield>
   <subfield code="b">from digital echos to virtual ethos : proceedings of the ICMC | SMC | 2014 : 40th International Computer Music Conference, joint with the 11th Sound and Music Computing Conference, 14-20 September 2014, Athens, Greece /</subfield>
   <subfield code="c">Anastasia Georgaki and Georgios Kouroupetroglou (eds.).</subfield>
  </datafield>
  <datafield tag="260" ind1=" " ind2=" ">
   <subfield code="a">Athens :</subfield>
   <subfield code="b">National and Kapodistrian University of Athens,</subfield>
   <subfield code="c">2014.</subfield>
  </datafield>
  <datafield tag="300" ind1=" " ind2=" ">
   <subfield code="a">2 τ. (xliii, 876 · 958 σ.) ;</subfield>
   <subfield code="c">29 εκ.</subfield>
  </datafield>
  <datafield tag="650" ind1=" " ind2="0">
   <subfield code="a">Computer Music.</subfield>
  </datafield>
  <datafield tag="650" ind1=" " ind2="4">
   <subfield code="a">Μουσική</subfield>
   <subfield code="x">Ηλεκτρονικοί υπολογιστές.</subfield>
  </datafield>
  <datafield tag="700" ind1="1" ind2=" ">
   <subfield code="a">Γεωργάκη, Αναστασία.</subfield>
  </datafield>
  <datafield tag="700" ind1="1" ind2=" ">
   <subfield code="a">Κουρουπέτρογλου, Γεώργιος.</subfield>
  </datafield>
  <datafield tag="711" ind1="2" ind2="0">
   <subfield code="a">Sound and Music Computing Conference</subfield>
   <subfield code="n">(11th :</subfield>
   <subfield code="d">2014 :</subfield>
   <subfield code="c">Athens, Greece)</subfield>
  </datafield>
  <datafield tag="852" ind1=" " ind2=" ">
   <subfield code="a">INST</subfield>
   <subfield code="b">UNIPILB</subfield>
   <subfield code="c">MAIN</subfield>
   <subfield code="e">20210922</subfield>
   <subfield code="h">786.76 INT</subfield>
   <subfield code="p">00172066</subfield>
   <subfield code="q">00172066</subfield>
   <subfield code="t">LOAN</subfield>
   <subfield code="v">τομ.1:</subfield>
   <subfield code="y">0</subfield>
   <subfield code="4">1</subfield>
  </datafield>
  <datafield tag="852" ind1=" " ind2=" ">
   <subfield code="a">INST</subfield>
   <subfield code="b">UNIPILB</subfield>
   <subfield code="c">MAIN</subfield>
   <subfield code="e">20210922</subfield>
   <subfield code="h">786.76 INT</subfield>
   <subfield code="p">00172067</subfield>
   <subfield code="q">00172067</subfield>
   <subfield code="t">LOAN</subfield>
   <subfield code="v">τομ.2:</subfield>
   <subfield code="y">0</subfield>
   <subfield code="4">1</subfield>
  </datafield>
  <datafield tag="960" ind1=" " ind2=" ">
   <subfield code="a">ΜΑΡΙΑ ΒΕΛ</subfield>
  </datafield>
  <datafield tag="960" ind1=" " ind2=" ">
   <subfield code="a">ΜΑΡΙΑ ΒΕΛ</subfield>
  </datafield>
 </record>
</collection>
